LDR 00887naa#a2200217#i#450# 001 EN\\bibl\117922 005 20260603153549.3 011 ## _a2500-4026 100 ## _a20250929b2025####ek#y0engy0150####ca 101 0# _aRUS 102 ## _aRU 200 1# _aON THE ISSUE OF FORMING A CONCEPTUAL MODEL OF A SINGLE PLATFORM FOR CHOOSING DOMESTIC SOFTWARE _eJournal article 210 1# _aZheleznogorsk _cFSBEE HE Siberian Fire and Rescue Academy EMERCOM of Russia _d2025 215 ## _a8 с. 608 ## _aJournal article _2local 675 ## _aСистемы автоматического управления (САУ). Кибернетические характеристики систем. Системы по принципу действия. 681.51 _zRUS 700 #1 _aTolmasov _gR S 700 #1 _aSmolentseva _gT V 700 #1 _aZatsarin _gA S 700 #1 _aDanilova _gV A 856 4# _avestnik-sibpsa.editorum.ru _u